Statistics for Alpha-Beta quiz

Click here to take the quiz!

General Stats

  • This quiz has been taken 31 times
    (4 since last reset)
  • The average score is 7 of 15

Answer Stats

QuestionAnswer% Correct
Dogs or cats?Dogs
75%
Does pineapple belong on pizza?No, pineapple on pizza is a near sin
75%
Is the Earth flat or round?Round
75%
Who has the best burgers?Whataburger
75%
How many genders are there?2
50%
Which of the following is your preferred sport?Football
50%
Waffles or pancakes??Pancakes
50%
Which of the following is your preferred state?Texas
50%
What goes in the bowl first when preparing cereal?The cereal
50%
How many laces are located on a football (DO NOT CHEAT)?8
25%
Which of the following is Americas Team?Cowboys
25%
Who would win in a fight a bear or a gorilla?Gorilla
25%
Who was the QB before Ben RoethlisbergerTommy Maddox
25%
Is the moon landing fake?Yes it was fake
25%
If a tree falls in a forest and no one is within 1,000 miles to hear it, did the tree make a sound?Nope no one heard it so it didn't make a sound
0%

Score Distribution

Percentile by Number Answered

Percent of People with Each Score

Your Score History

You have not taken this quiz since the last reset